| 000 | 004620000a22001930004500 | ||
|---|---|---|---|
| 001 | 002696 | ||
| 003 | MACL | ||
| 005 | 20151003154926.0 | ||
| 008 | 151003b xxu||||| |||| 00| 0 eng d | ||
| 040 |
_aMACL _cMACL |
||
| 041 | _aEnglish | ||
| 082 | _a910 | ||
| 100 |
_aOutlook, _913535 |
||
| 245 |
_aOutlook Traveller _bKerela With Lakshwadeep _cOutlook |
||
| 260 |
_aMumbai _c2005 _bOutlook, |
||
| 350 | _a225 | ||
| 650 |
_aTravel _913536 |
||
| 942 |
_k910 _cBK _2ddc |
||
| 999 |
_c14605 _d14605 |
||